BIBLIOTHÈQUE DE LA MAISON DU MEXIQUE

Logo 1 Logo 2

Alfredo Ripstein (notice nᵒ 5141)

détails MARC
000 -Sello discográfico
campo de control de longitud fija 00972nam a2200277 4500
005 - Identificación de versión
campo de control 20251016084015.0
010 ## - Número Estándar Internacional de Libros (ISBN)
Número (ISBN) 970-9912-19-4
035 ## - Otros números de control del sistema
Número de control del sistema 33136
099 ## - fechas locales
Tipo de ítem Koha LIBRO
100 ## - Datos de procesamiento general
Datos de procesamiento general 20111004d2007 m y0spay5003 ba
105 ## - Campo de datos codificados: Material textual, monográfico
Datos codificados de monografía a 001zy
200 1# - Título y mención de responsabilidad
Título propio Alfredo Ripstein
Designación general del material texto impreso
Otra información del título Churubusco Babilonia : la mirada de un productor
Primer mención de responsabilidad conversaciones con Nelson Carro
205 ## - Declaración de edición
Declaración de edición 1a ed
210 ## - Publicación, distribución, etc.
Lugar de publicación, distribución, etc. México
Nombre del editor, distribuidor, etc. Alameda Films
-- Ediciones El Milagro
Fecha de publicación, distribución, etc. 2007
215 ## - Descripción física
Designación de material específico y extensión del ítem 141 p
Otras características físicas principalmente fot.
Dimensiones 27 cm
345 ## - Nota de información de adquisición
Fuente de adquisición/dirección de la suscripción [OBSOLETO] Donación 'Salon du Livre 2009'
606 ## - Término temático usado como materia
Elemento de entrada Productores y directores cinematográficos
Subdivisión temática Entrevistas
Número Koha 10156
700 ## - Nombre personal - Responsabilidad primaria
Elemento de entrada Carro
Parte del nombre distinta del elemento de entrada Nelson
Fechas 1952-
Número Koha 10157
801 #0 - Fuente de origen
País FR
856 4# - Localización electrónica y acceso
Identificador Uniforme de Recurso http://www.alamedafilms.com/churubusco/
900 ## -
-- 1/20601
942 ## - ELEMENTOS DE ENTRADA SECUNDARIOS (KOHA)
Tipo de ítem Koha Livre
996 ## -
-- MEX
-- 751145101
-- MMAG
-- 000502
-- 791.43 R588C
-- 20111005LIV
Exemplaires
Estatus retirado Estado de daño Estado de pérdida Fecha de adquisición Biblioteca de origen Biblioteca actual Ubicación en estantería Código de barras Precio de reemplazo Signatura topográfica completa No para préstamo Tipo de ítem Koha Nota pública Nota no pública
      05/08/2025 Casa México Paris Casa México Paris   000502 05/08/2025 791.43 R588C   Livre 20111005LIV 751145101